Statistics for World Leaders by Picture

Click here to take the quiz!

General Stats

  • This quiz has been taken 187,089 times
    (91,076 since last reset)
  • The average score is 12 of 20

Answer Stats

Answer% Correct
Barack Obama
100%
Vladimir Putin
98%
Boris Johnson
89%
Nelson Mandela
84%
Kim Jong-il
82%
Angela Merkel
79%
Pope Francis
77%
Emmanuel Macron
73%
Justin Trudeau
73%
Fidel Castro
67%
Muammar Gaddafi
61%
Saddam Hussein
61%
Benjamin Netanyahu
36%
Narendra Modi
34%
Robert Mugabe
34%
Silvio Berlusconi
34%
Hugo Chávez
32%
Lula da Silva
23%
Suharto
17%
King Abdullah
16%

Score Distribution

Percentile by Number Answered

Percent of People with Each Score

Your Score History

You have not taken this quiz since the last reset